00826nam a22002297a 450000500170000000800410001702000180005804000130007608200200008910000310010924501550014025000080029526000480030330000230035150400410037465000260041565000190044165000300046070000330049070000370052370000360056020240530110642.0170912s2016 us f b 000 0 eng d a9780323241472 aEG-CaGPL04221a618.92bW R1 bWilson MD, Christopher B.10aRemington and Klein's Infectious Diseases of the Fetus and Newborn Infant /cChristopher B. Wilson , Victor Nizet , Yvonne Maldonado , Jerome O. Klein a8ed aPhiladelphia :bElsevier Saunders ؛c2016. a1253 p. ؛c30 cm. aIncludes bibliographical references.00aCommunicable Diseases00aFetal Diseases00aInfant , Newborn Diseases1 aNizet , VictoreJoint Author1 aMaldonado , YvonneeJoint Author1 aO. Klein, JeromeeJoint Author